Mabel Opal Pear and the rules for spying / (Record no. 775831)

MARC details
000 -LEADER
fixed length control field 01527cam a2200421 i 4500
001 - CONTROL NUMBER
control field 19606846
003 - CONTROL NUMBER IDENTIFIER
control field 3228
005 - DATE AND TIME OF LATEST TRANSACTION
control field 20250507133214.0
008 - FIXED-LENGTH DATA ELEMENTS--GENERAL INFORMATION
fixed length control field 250507b sa ||||| |||| 00| 0 eng d
020 ## - INTERNATIONAL STANDARD BOOK NUMBER
International Standard Book Number <a href="9781496540515 ">9781496540515 </a>
040 ## - CATALOGING SOURCE
Original cataloging agency 3228
Language of cataloging eng
Transcribing agency 3228
082 04 - DEWEY DECIMAL CLASSIFICATION NUMBER
Classification number EJF HOSC
942 ## - ADDED ENTRY ELEMENTS
Creator ID 169
Creator Name Boniswa Ngcongolo
Modifier ID 169
Modifier Name Boniswa Ngcongolo
100 1# - MAIN ENTRY--PERSONAL NAME
Personal name Hosch, Amanda,
Relator term author.
245 10 - TITLE STATEMENT
Title Mabel Opal Pear and the rules for spying /
Statement of responsibility, etc. Amanda Hosch.
264 #1 - PRODUCTION, PUBLICATION, DISTRIBUTION, MANUFACTURE, AND COPYRIGHT NOTICE
Place of production, publication, distribution, manufacture North Mankato, Minnesota :
Name of producer, publisher, distributor, manufacturer Stone Arch Books, a Capstone imprint,
Date of production, publication, distribution, manufacture, or copyright notice [2017]
300 ## - PHYSICAL DESCRIPTION
Extent 262 pages ;
Dimensions 20 cm
336 ## - CONTENT TYPE
Content type term text
Source rdacontent
337 ## - MEDIA TYPE
Media type term unmediated
Source rdamedia
338 ## - CARRIER TYPE
Carrier type term volume
Source rdacarrier
650 #0 - SUBJECT ADDED ENTRY--TOPICAL TERM
Topical term or geographic name entry element Museums
Form subdivision Juvenile fiction.
9 (RLIN) 193402
650 #0 - SUBJECT ADDED ENTRY--TOPICAL TERM
Topical term or geographic name entry element Family secrets
Form subdivision Juvenile fiction.
9 (RLIN) 193403
650 #0 - SUBJECT ADDED ENTRY--TOPICAL TERM
Topical term or geographic name entry element Aunts
Form subdivision Juvenile fiction.
9 (RLIN) 193404
650 #0 - SUBJECT ADDED ENTRY--TOPICAL TERM
Topical term or geographic name entry element Cousins
Form subdivision Juvenile fiction.
9 (RLIN) 193405
650 #0 - SUBJECT ADDED ENTRY--TOPICAL TERM
Topical term or geographic name entry element Detective and mystery stories.
9 (RLIN) 172261
650 #1 - SUBJECT ADDED ENTRY--TOPICAL TERM
Topical term or geographic name entry element Mystery and detective stories.
9 (RLIN) 131049
650 #1 - SUBJECT ADDED ENTRY--TOPICAL TERM
Topical term or geographic name entry element Spies
Form subdivision Fiction.
9 (RLIN) 193406
650 #1 - SUBJECT ADDED ENTRY--TOPICAL TERM
Topical term or geographic name entry element Museums
Form subdivision Fiction.
9 (RLIN) 193407
650 #1 - SUBJECT ADDED ENTRY--TOPICAL TERM
Topical term or geographic name entry element Secrets
Form subdivision Fiction.
9 (RLIN) 193408
650 #1 - SUBJECT ADDED ENTRY--TOPICAL TERM
Topical term or geographic name entry element Aunts
Form subdivision Fiction.
9 (RLIN) 193409
650 #1 - SUBJECT ADDED ENTRY--TOPICAL TERM
Topical term or geographic name entry element Cousins
Form subdivision Fiction.
9 (RLIN) 185865
651 #0 - SUBJECT ADDED ENTRY--GEOGRAPHIC NAME
Geographic name Washington (State)
Form subdivision Juvenile fiction.
9 (RLIN) 193410
651 #1 - SUBJECT ADDED ENTRY--GEOGRAPHIC NAME
Geographic name Washington (State)
Form subdivision Fiction.
9 (RLIN) 193411
655 #7 - INDEX TERM--GENRE/FORM
Genre/form data or focus term Mystery fiction.
Source of term gsafd
9 (RLIN) 131476
655 #7 - INDEX TERM--GENRE/FORM
Genre/form data or focus term Detective and mystery fiction.
Source of term lcgft
9 (RLIN) 172264
700 1# - ADDED ENTRY--PERSONAL NAME
Personal name Sluyterman van Langeweyde, Ira,
Relator term illustrator.
9 (RLIN) 193412
942 ## - ADDED ENTRY ELEMENTS
Source of classification or shelving scheme Dewey Decimal Classification
item type Book
Holdings
Withdrawn status Lost status Source of classification or shelving scheme Damaged status Not for loan Collection code Home library Current library Shelving location Date acquired Cost, normal purchase price Total Checkouts Full call number Barcode Date last seen Price effective from item type
    Dewey Decimal Classification     Fiction Ethandukukhanya Public Library Ethandukukhanya Public Library Children's Area 07.05.2025 120.00   EJF HOSC 3322803174387 07.05.2025 07.05.2025 Book